R (on the application of Richardson and another) v North Yorkshire County Council and others (Record no. 74131)

MARC details
000 -LEADER
fixed length control field 01805cab a2200241 4500
001 - CONTROL NUMBER
control field ABS67444
008 - FIXED-LENGTH DATA ELEMENTS--GENERAL INFORMATION
fixed length control field 040205n2004 000 0 eng u
035 ## - SYSTEM CONTROL NUMBER
System control number (Sirsi) u125062
245 ## - TITLE STATEMENT
Title R (on the application of Richardson and another) v North Yorkshire County Council and others
260 ## - PUBLICATION, DISTRIBUTION, ETC.
Date of publication, distribution, etc. 2004
490 ## - SERIES STATEMENT
Series statement Estates Gazette
Volume/sequential designation [2004] 01 EG 93(CS)
520 ## - SUMMARY, ETC.
Summary, etc. [2003] EWCA Civ 1860, 19 December 2003. Appellants (R) and others appealed against an HC decision refusing to allow a judicial review claim challenging the validity of the grant of planning permission for the extension of a quarry. R alleged that i) N had breached the requirement in the Town and Country Planning (Environmental Impact Assessment) (England and Wales) Regulations 1999 3(2) by not stating in its decision that it had taken environmental information into consideration ii) the notice failed to satisfy Reg 3(2) requirements iii) noted a failure to include on the register a statement of the main reasons for the decision and that iv) it had been unlawful to exclude R from thecommittee meeting. CA dismissed R's grounds for appeal. Appeal dismissed. View at www.courtservice.gov.uk.
590 ## - LOCAL NOTE (RLIN)
Local note ABS
650 ## - SUBJECT ADDED ENTRY--TOPICAL TERM
Topical term or geographic name entry element R v NORTH YORKSHIRE CC AND OTHERS EX P RICHARDSON AND ANOTHER
650 ## - SUBJECT ADDED ENTRY--TOPICAL TERM
Topical term or geographic name entry element PLANNING PERMISSION
650 ## - SUBJECT ADDED ENTRY--TOPICAL TERM
Topical term or geographic name entry element QUARRY
650 ## - SUBJECT ADDED ENTRY--TOPICAL TERM
Topical term or geographic name entry element JUDICIAL REVIEW
650 ## - SUBJECT ADDED ENTRY--TOPICAL TERM
Topical term or geographic name entry element TOWN AND COUNTRY PLANNING (ENVIRONMENTAL IMPACT ASSESSMENT) (ENGLAND AND WALES) REGULATIONS 1999
650 ## - SUBJECT ADDED ENTRY--TOPICAL TERM
Topical term or geographic name entry element ENVIRONMENTAL IMPACT ASSESSMENTS
690 ## - LOCAL SUBJECT ADDED ENTRY--TOPICAL TERM (OCLC, RLIN)
Topical term or geographic name as entry element ENVIRONMENTAL AND LAND CONSULTANCY-PLANNING AND DEVELOPMENT
856 ## - ELECTRONIC LOCATION AND ACCESS
Uniform Resource Identifier <a href="https://lexisweb.co.uk/cases/2003/december/r-on-the-application-of-richardson-and-another-v-north-yorkshire-county-council-and-another">https://lexisweb.co.uk/cases/2003/december/r-on-the-application-of-richardson-and-another-v-north-yorkshire-county-council-and-another</a>
Public note View a summary of the case at www.lexisweb.co.uk.
942 ## - ADDED ENTRY ELEMENTS (KOHA)
Suppress in OPAC 0
Holdings
Withdrawn status Lost status Source of classification or shelving scheme Damaged status Not for loan Home library Current library Shelving location Date acquired Total Checkouts Full call number Barcode Date last seen Copy number Price effective from Koha item type
    Dewey Decimal Classification     London London Journal article 05/02/2004   ABS67444 125062-1001 06/08/2019 1 06/08/2019 Law report